| 000 | 00489nab a2200145Ia 4500 | ||
|---|---|---|---|
| 003 | ES-SlBCS | ||
| 005 | 20210601125122.0 | ||
| 008 | 140529s1982 xxu||||| |||| 00| 0 eng d | ||
| 041 | _aeng | ||
| 100 | 1 |
_aUpton, Thomas V. _947274 |
|
| 245 | 0 | 0 |
_aAristotle's Moral Epistemoly: The Possibility of Ethical Demostration _c Thomas V. Upton |
| 600 | 0 | 4 |
_aAristóteles-Epistemología Moral _9154220 |
| 773 | 0 |
_tNew Scholasticism (The) _gvol. 56, nº. 2, 1982, págs. 169-184 _wRev1674 |
|
| 942 | _cAR | ||
| 999 |
_c525023 _d525023 |
||